000 01381nam0a2200301 4500
001 RU\NLR\BIBL_A\012101470
005 20260628182300.0
035 _a(NLR Aleph) 012101470
090 _a13740444
_c13740444
100 _a20190925d1985 u y0rusy50 ca
101 0 _arus
102 _aUA
105 _aab||z|||000zy
200 1 _aМелиорация и водное хозяйство в Украинской ССР
_fМинистерство мелиорации и водного хозяйства УССР
_g[сост. В.Д. Дупляк, Т.А. Дейнега]
210 _aКиев
_cРеклама
_d1985
215 _a72 с.
_cил.
_d29
_e[1] отд. л. карт.
606 1 _aВодное хозяйство
_yУкраинская ССР
_91262794
_3RU\NLR\AUTH\66201123
606 1 _aМелиорация
_yУкраинская ССР
_91560272
_3RU\NLR\AUTH\66682316
686 1 _aН770(2Ук)
686 1 _aП06(237Ук)
702 1 _aДупляк
_bВ. Д.
_gВиталий Дмитриевич
_4220
712 0 1 _4570
_aУССР
_bМинистерство мелиорации и водного хозяйства
_9778740
_3RU\NLR\AUTH\8810141995
852 _aNLR
_j86-8/59
942 _cBOOK
980 _aNB